Movies Quiz

Random Movies or Disney Quiz

Disney Song Mini-Minefields Quiz Stats

 Plays Quiz Updated Nov 12, 2018

Also try: A Fifth of Disney
Challenge
Share
Tweet
Embed
Score 0/36 Timer 06:00
0 Plays Today
% Correct
???
70.2%
???
70.2%
???
70.2%
???
70.2%
???
69.4%
???
69.4%
???
69.4%
???
69.4%
???
53.7%
???
53.7%
???
53.7%
???
53.7%
???
42.4%
???
42.4%
???
42.4%
???
42.4%
???
32.7%
???
32.7%
% Correct
???
32.7%
???
32.7%
???
31%
???
31%
???
31%
???
31%
???
20.2%
???
20.2%
???
20.2%
???
20.2%
???
19.7%
???
19.7%
???
19.7%
???
19.7%
???
18%
???
18%
???
18%
???
18%

You're not logged in!

Compare scores with friends on all Sporcle quizzes.
OR
Log In

You Might Also Like...

Show Comments

Extras

Top Quizzes Today


Score Distribution

Your Account Isn't Verified!

In order to create a playlist on Sporcle, you need to verify the email address you used during registration. Go to your Sporcle Settings to finish the process.

Report this User

Report this user for behavior that violates our Community Guidelines.

Details: